00457nmm a2200169Ia 4500008004100000020001800041041000800059100002100067245002600088264004500114300001800159490001400177650002100191856005100212942000700263999001700270251105s9999||||xx |||||||||||||||||und|| a9788492616879 aspa aRoubaud, Jacques 0aEl rapto de Hortensia a[Madrid, España] :bMontesinos, c2011 a240 páginas aNarrativa aFrench narrative uhttps://public.digitaliapublishing.com/a/37105 cCF c88987d88987